| 000 | 01778nam a2200385Ia 4500 | ||
|---|---|---|---|
| 001 | 87626 | ||
| 003 | IT-RoPAU | ||
| 008 | 130308s9999 xx 000 0 und d | ||
| 040 | _aIT-RoPAU | ||
| 040 | _cIT-RoPAU | ||
| 041 | _aFRANCESE | ||
| 100 | _aAgee K. Warren | ||
| 100 | _gCodice Aut. SPICS: 10069 | ||
| 240 | _aINTRODUCTION to MASS COMMUNICATIONS | ||
| 240 | _gCodice Tit. Orig. Spics: T1120 | ||
| 242 | _aCOMUNICACIONES EN EL MUNDO ACTUAL (LAS) | ||
| 242 | _nCod. Traduzione Titolo: 3142 | ||
| 242 | _ySPA | ||
| 245 | _aIntroduction aux communications de masse | ||
| 245 | _bIntroduction Aux Communications de Masse | ||
| 250 | _a1a ed. | ||
| 260 | _aBRUXELLES/P. | ||
| 260 | _bDe Boeck/Duculot | ||
| 260 | _c1989 [1° Ed.:1989 - Ed.Ling.Originale:1960] | ||
| 300 | _a"754 p. (prefazione: 18; testo: 736)" | ||
| 500 | _aIntroduzione Alle comunicazioni di Massa ruolo dei Media Esplosione dei Media Media Società Processo ed Effetti dei Media Edizione e Stampa Scritta Libertà Storiche della Stampa Sviluppo della Stampa Giornali Agenzie di Stampa e sindacati Periodici Media Elettronici e Cinema Crescita della Radio Cinema e Televisione video videoclip Musica Popolare Comunicazione Fotografica e grafica Arte della Persuasione Pubblicità Pubbliche relazioni Educazione Ricerca Sui Media Formazione Ai Media Critiche e sfide Governo Media e Pubblico Ambiente legale dei Media Responsabilità Morali e Sociali dei Media Media internazionali Linguaggio dei Media Bibliografia | ||
| 650 | _aTEORIA DELLA COMUNICAZIONE SOCIALE | ||
| 650 | _eCodice materia Spics: 3802 | ||
| 700 | _aAult Phillip H.Emery Edwin | ||
| 700 | _gCodice Aut. SPICS: 9731Codice Aut. SPICS: 6952 | ||
| 942 | _cBK | ||
| 957 | _71 | ||
| 999 |
_c67045 _d67045 |
||
| 999 | _bSI | ||
| 999 | _g2 | ||